000 00231nam a22000857a 4500
008 160702b xxu||||| |||| 00| 0 eng d
100 _91779
_a Pandey, V.C
245 _aEducational Guidance and Counselling
260 _aDelhi
_b Isha
_c2005
999 _c1483
_d1483